| 000 | 00777nam a2200265 i 4500 | ||
|---|---|---|---|
| 001 | 135068 | ||
| 003 | ES-MaACL | ||
| 005 | 20250824221334.0 | ||
| 007 | t| | ||
| 008 | 070706s1969 sp ||||1| cat d | ||
| 080 | _a1(94) | ||
| 100 | 1 |
_aTillich, Paul. _9110266 |
|
| 245 | 1 | 0 |
_aAmor, poder i justicia... / _cPaul Tillich ; [traductor cataláa, Alfred Badia i Gabarró]. |
| 250 | _a[1ª ed.]. | ||
| 260 |
_a[Barcelona] : _bAriel, _c[1969] |
||
| 300 |
_a144 p. ; _c19 cm. |
||
| 490 | 1 | _aLibros del Nopal | |
| 650 | 7 |
_aAmor _2embne _99754 |
|
| 650 | 1 | 4 |
_aPoder. _916144 |
| 650 | 1 | 4 |
_aJusticia. _914032 |
| 700 | 1 |
_aBadia y Gabarro, Alfredo. _924547 |
|
| 830 | 0 | 0 |
_aLibros del Nopal _9182786 |
| 852 |
_aES-MaACL _jC-35902 _bR.69311 |
||
| 999 |
_c135068 _d135068 |
||